000 00739nam a22002292 4500
001 0000001876
005 20151217155813.0
008 070328s xx 000 0 eng d
020 _a9966466908 :
_cKES 470
040 _aKABU
_cKABU
050 0 _aDT433.582
_b.M36M36
100 1 _aMboya, Tom.
_@0000149492
245 1 4 _aThe Challenge of nationhood :
_ba collection of speeches and writings.
260 _aNairobi :
_bEAEP,
_c1993.
300 _aviii, 278 p.
600 1 0 _aMboya, Tom.
_@0000149492
651 0 _aKenya
_xPolitics and government
_y1963-.
_@0000150943
651 0 _aAfrica
_xPolitics and government
_y1960-.
_@0000148944
908 _a070328
950 _@1
999 _c12653
_d12653